NLSUI OPAC header image

Behind the poison cloud : Union carbide's Bhopal massacre (Record no. 14449)

MARC details
000 -LEADER
fixed length control field 00490nam a2200157Ia 4500
008 - FIXED-LENGTH DATA ELEMENTS--GENERAL INFORMATION
fixed length control field 160316s1987 xxu||||| |||| 00| 0 eng d
082 ## - DEWEY DECIMAL CLASSIFICATION NUMBER
Classification number 344.046000
Item number EVE
100 ## - MAIN ENTRY--PERSONAL NAME
Personal name Everest Larry
245 ## - TITLE STATEMENT
Title Behind the poison cloud : Union carbide's Bhopal massacre
250 ## - EDITION STATEMENT
Edition statement
260 ## - PUBLICATION, DISTRIBUTION, ETC.
Place of publication, distribution, etc. Hyderabad
Name of publisher, distributor, etc. Sangam Books
Date of publication, distribution, etc. 1987
300 ## - PHYSICAL DESCRIPTION
Extent 192p
Other physical details
Dimensions
365 ## - TRADE PRICE
Price amount Rs.125
650 ## - SUBJECT ADDED ENTRY--TOPICAL TERM
Topical term or geographic name entry element 1. Environmental Disaster - Union Carbide Incident - Bhopal<br/>2. Bhopal Gas Leak Disaster - A Study
700 ## - ADDED ENTRY--PERSONAL NAME
Personal name
--
Holdings
Withdrawn status Lost status Damaged status Not for loan Home library Current library Shelving location Date acquired Cost, normal purchase price Total Checkouts Full call number Barcode Date last seen Price effective from Koha item type
        NLS NLS Library Compactors 30/05/2017 125.00   344.046 EVE 14654 30/05/2017 30/05/2017 BOOKs